01010nam a22001697a 4500003000500000005001700005020001800022082001600040100001700056245009400073250001600167260002500183300001700208505055800225650003800783651001900821NUST20221115103838.0 a9788131503003 a621.367,SON aSonka, Milan aImage Processing, Analysis and Machine Vision /cMilan Sonka, Vaclav Hlavac, Roger Boyle  a2nd Edition aBrooks bIndiac2007 axxiii, 769 p aIntroduction (Page-1), The digitized image and its properties (Page-10), Data structures for image analysis (Page-42), Image pre-processing (Page-57), Segmentation (Page-123), Shape representation and description (Page-228), Object recognition (Page-290), Image understanding (Page-362), 3D vision, geometry, and radiometry (Page-441), Use of 3D vision (Page-508), Mathematical morphology (Page-559), Linear discrete image transforms (Page-600), Image data compression (Page-621), Texture (Page-646), Motion analysis (Page-679), Case studies (Page-722), aImage Processing, Computer Vision aImage Analysis